Dokumenty okresních archivů Jihomoravského kraje

Bibliographic Details
Format: Book
Language:Undetermined
Published: Brno Okresní archivy Jihomoravského kraje 1981

MARC

LEADER 00000nam a2200000 a 4500
001 vtls001330582
003 SK-MaSNL
005 20260224110459.0
008 240130s1981 xr 0 und
035 |a SNK000283450 
040 |a SNK  |b slo  |c SNK  |e AACR2 
044 |a xr  |c CZ 
245 1 |a Dokumenty okresních archivů Jihomoravského kraje 
260 |a Brno  |b Okresní archivy Jihomoravského kraje  |c 1981 
300 |a 50 s. 
958 |a OND 
999 |c 976166  |d 978096 
952 |t P60, <04>, [BOOK], {604}  |a SNK  |b SNK  |y VYP  |7 0  |p 17A0137318  |o snkIB 45813 D1  |0 0  |1 1  |4 0  |d 1998-05-11  |l 0  |r 2005-01-02 00:00:00  |w 2026-02-24